[Event "Bundesliga 2021-22"]
[Site "Baden Baden GER"]
[Date "2022.05.29"]
[Round "10.3"]
[Board "2"]
[White "Maghsoodloo, Parham"]
[Black "Adams, Michael"]
[Result "1-0"]
[WhiteTitle "GM"]
[BlackTitle "GM"]
[WhiteElo "2701"]
[BlackElo "2698"]
[WhiteTeam "Muenchener Schachclub 1836"]
[BlackTeam "OSG Baden-Baden"]
[WhiteFideId "12539929"]
[BlackFideId "400041"]
[EventDate "2022.03.05"]

1. d4 Nf6 2. c4 e6 3. Nf3 d5 4. Nc3 Be7 5. cxd5 exd5 6. Bf4 c6 7. e3 Bf5 8. Nh4
Bg4 9. Qc2 Nbd7 10. h3 Be6 11. Nf3 Nf8 12. Bd3 Ng6 13. Bh2 Nd7 14. O-O O-O 15.
Rab1 Re8 16. b4 Nb6 17. a4 a6 18. a5 Nc8 19. Na4 Bd6 20. Ne5 Nf8 21. Nc5 Rb8 22.
Kh1 Na7 23. f4 f6 24. Nf3 Bf7 25. Rbe1 Nb5 26. g4 Na3 27. Qc1 Nc4 28. e4 Ne6 29.
Nxe6 Rxe6 30. e5 Bxb4 31. f5 Re7 32. Re2 Bxa5 33. g5 fxe5 34. dxe5 Bh5 35. e6
Bc7 36. f6 Bxh2 37. fxe7 Qxe7 38. Kxh2 Rf8 39. Kg2 1-0

[Event "Bundesliga 2021-22"]
[Site "Baden Baden GER"]
[Date "2022.05.29"]
[Round "10.3"]
[Board "3"]
[White "Wojtaszek, Radoslaw"]
[Black "Saric, Ivan"]
[Result "1/2-1/2"]
[WhiteTitle "GM"]
[BlackTitle "GM"]
[WhiteElo "2694"]
[BlackElo "2687"]
[WhiteTeam "OSG Baden-Baden"]
[BlackTeam "Muenchener Schachclub 1836"]
[WhiteFideId "1118358"]
[BlackFideId "14508150"]
[EventDate "2022.03.05"]

1. d4 d5 2. c4 c6 3. Nf3 Nf6 4. e3 Bf5 5. Nc3 e6 6. Nh4 Bg6 7. Qb3 Qc7 8. Nxg6
hxg6 9. g3 Nbd7 10. Bg2 a5 11. cxd5 exd5 12. O-O Bb4 13. a3 Bxc3 14. Qxc3 O-O
15. f3 Rfe8 16. a4 c5 17. Bd2 Qd6 18. Rad1 b6 19. Be1 Rac8 20. Qa3 Qe7 21. Bf2 1/2-1/2

[Event "Bundesliga 2021-22"]
[Site "Baden Baden GER"]
[Date "2022.05.29"]
[Round "10.3"]
[Board "4"]
[White "Martinovic, Sasa"]
[Black "Kasimdzhanov, Rustam"]
[Result "0-1"]
[WhiteTitle "GM"]
[BlackTitle "GM"]
[WhiteElo "2554"]
[BlackElo "2659"]
[WhiteTeam "Muenchener Schachclub 1836"]
[BlackTeam "OSG Baden-Baden"]
[WhiteFideId "14509792"]
[BlackFideId "14200244"]
[EventDate "2022.03.05"]

1. d4 d5 2. c4 e6 3. Nf3 c5 4. cxd5 exd5 5. Nc3 Nf6 6. Bg5 Be6 7. Bxf6 Qxf6 8.
e4 Nd7 9. Nxd5 Bxd5 10. exd5 O-O-O 11. Be2 Kb8 12. O-O Nb6 13. dxc5 Bxc5 14. Qc2
Rxd5 15. Rad1 Rc8 16. Qb1 g6 17. Nd2 Bb4 18. Ne4 Rxd1 19. Rxd1 Qe5 20. a3 f5 21.
axb4 fxe4 22. Bg4 Rc4 23. b3 Rxb4 24. Rd8+ Kc7 25. Rf8 Nd5 26. Rf7+ Kb6 27. Bc8
Ne7 28. Bh3 e3 29. fxe3 Qxe3+ 30. Kh1 Rxb3 31. Qd1 Rc3 32. Qd8+ Kc5 33. Qa5+ b5
34. Qxa7+ Kb4 35. Qxe3 Rxe3 36. Kg1 Kc3 37. Bd7 b4 38. Ba4 h6 39. Kf2 Re5 40.
Rf3+ Kd2 41. Rb3 Nd5 42. Bc6 Nf4 43. Kf3 Nd3 0-1

[Event "Bundesliga 2021-22"]
[Site "Baden Baden GER"]
[Date "2022.05.29"]
[Round "10.3"]
[Board "5"]
[White "Donchenko, Alexander"]
[Black "Horvath, Dominik"]
[Result "1-0"]
[WhiteTitle "GM"]
[BlackTitle "IM"]
[WhiteElo "2636"]
[BlackElo "2486"]
[WhiteTeam "OSG Baden-Baden"]
[BlackTeam "Muenchener Schachclub 1836"]
[WhiteFideId "24603295"]
[BlackFideId "1642561"]
[EventDate "2022.03.05"]

1. c4 c6 2. Nf3 d5 3. g3 dxc4 4. Bg2 Nd7 5. O-O Nb6 6. a4 a5 7. b3 cxb3 8. Nc3
Nf6 9. e4 Bg4 10. Qxb3 Bxf3 11. Bxf3 e5 12. d4 exd4 13. e5 Nfd7 14. e6 fxe6 15.
Ne4 Nc5 16. Nxc5 Bxc5 17. Qxe6+ Qe7 18. Qb3 Bb4 19. Ba3 O-O-O 20. Rfe1 Qf8 21.
Bxb4 Qxb4 22. Qe6+ Kc7 23. Rab1 Rhe8 24. Qf7+ Nd7 25. Qf4+ Kc8 26. Rec1 Qxa4 27.
Bxc6 bxc6 28. Qd6 1-0

[Event "Bundesliga 2021-22"]
[Site "Baden Baden GER"]
[Date "2022.05.29"]
[Round "10.3"]
[Board "6"]
[White "Schnider, Gert"]
[Black "Naiditsch, Arkadij"]
[Result "1/2-1/2"]
[WhiteTitle "IM"]
[BlackTitle "GM"]
[WhiteElo "2417"]
[BlackElo "2648"]
[WhiteTeam "Muenchener Schachclub 1836"]
[BlackTeam "OSG Baden-Baden"]
[WhiteFideId "1606310"]
[BlackFideId "4650891"]
[EventDate "2022.03.05"]

1. e4 e5 2. Nf3 Nc6 3. Nc3 Nf6 4. d4 exd4 5. Nxd4 Bb4 6. Nxc6 bxc6 7. Bd3 O-O 8.
O-O Re8 9. Re1 d5 10. exd5 Rxe1+ 11. Qxe1 cxd5 12. Bg5 Be6 13. Bxf6 gxf6 14. Qe3
Bf8 15. Ne2 Qd6 16. Nf4 Bh6 17. Qg3+ Kh8 18. Nh3 Qb4 19. Rb1 Rg8 20. Qf3 Qd4 21.
Qh5 Kg7 22. Kh1 c5 23. b3 Re8 24. Bf5 Bxf5 25. Qxf5 Re5 26. Qf3 f5 27. Qg3+ Kf8
28. Ng1 Re6 29. h3 Rg6 30. Qf3 Qe4 31. Rd1 d4 32. Rd3 Bf4 33. c3 Be5 34. cxd4
cxd4 35. Rd2 Re6 36. Re2 Qb1 37. Qd5 Bf6 38. Rxe6 fxe6 39. Qxe6 Kg7 40. Qd7+ Kg6
41. Qe8+ Kg7 42. Qd7+ Kg6 43. Qe8+ Kg7 44. Qd7+ 1/2-1/2

[Event "Bundesliga 2021-22"]
[Site "Baden Baden GER"]
[Date "2022.05.29"]
[Round "10.3"]
[Board "7"]
[White "Bacrot, Etienne"]
[Black "Ciolek, Andreas"]
[Result "1-0"]
[WhiteTitle "GM"]
[BlackTitle "FM"]
[WhiteElo "2635"]
[BlackElo "2191"]
[WhiteTeam "OSG Baden-Baden"]
[BlackTeam "Muenchener Schachclub 1836"]
[WhiteFideId "605506"]
[BlackFideId "12906727"]
[EventDate "2022.03.05"]

1. e4 c5 2. Nf3 d6 3. Bb5+ Nd7 4. Ba4 Nf6 5. O-O g6 6. Re1 Bg7 7. c3 O-O 8. d4
a6 9. e5 Ne8 10. exd6 exd6 11. Bf4 b5 12. Bc2 Bb7 13. Nbd2 Ndf6 14. dxc5 dxc5
15. Nb3 c4 16. Nc5 Bd5 17. b4 Nd6 18. a4 Nb7 19. Nd4 Qb6 20. Be3 Rfe8 21. Qd2
Bf8 22. Nxb7 Qxb7 23. f3 Rad8 24. Bh6 Nd7 25. h4 Ne5 26. Bxf8 Kxf8 27. axb5 axb5
28. h5 Kg8 29. Qg5 Qe7 30. Qxe7 Rxe7 31. hxg6 hxg6 32. Kf2 f6 33. Kg3 Rb7 34.
Ra6 Kf7 35. Rd1 Rc8 36. Rd6 Bc6 37. f4 Nd3 38. Nxc6 Rbc7 39. Nd4 Re7 40. Bxd3 1-0

[Event "Bundesliga 2021-22"]
[Site "Baden Baden GER"]
[Date "2022.05.29"]
[Round "10.3"]
[Board "8"]
[White "Watson, William N"]
[Black "Meier, Georg"]
[Result "1-0"]
[WhiteTitle "GM"]
[BlackTitle "GM"]
[WhiteElo "2490"]
[BlackElo "2631"]
[WhiteTeam "Muenchener Schachclub 1836"]
[BlackTeam "OSG Baden-Baden"]
[WhiteFideId "400157"]
[BlackFideId "4675789"]
[EventDate "2022.03.05"]

1. e4 e6 2. d4 d5 3. Nc3 dxe4 4. Nxe4 Nd7 5. Bd3 Ngf6 6. Qe2 c5 7. Bg5 cxd4 8.
O-O-O Qa5 9. Bxf6 gxf6 10. Kb1 Be7 11. Nf3 Nb6 12. Nxd4 Bd7 13. Nb5 Kf8 14. Nbd6
Rg8 15. Qe3 f5 16. Qh6+ Rg7 17. Nf6 Bxf6 18. Qxf6 Bc6 19. Bc4 Nd7 20. Qh6 Ne5
21. Bb3 Ng4 22. Qh4 Qd8 23. Qg3 Qf6 24. Qf4 Bxg2 25. Rhe1 Bc6 26. Nxf7 Rxf7 27.
Rxe6 Rd8 28. Rdd6 Qh4 29. Qd4 Rxd6 30. Qh8# 1-0

[Event "Bundesliga 2021-22"]
[Site "Baden Baden GER"]
[Date "2022.05.29"]
[Round "10.4"]
[Board "1"]
[White "Keymer, Vincent"]
[Black "Huschenbeth, Niclas"]
[Result "1/2-1/2"]
[WhiteTitle "GM"]
[BlackTitle "GM"]
[WhiteElo "2655"]
[BlackElo "2611"]
[WhiteTeam "Schachfreunde Deizisau"]
[BlackTeam "FC Bayern Muenchen"]
[WhiteFideId "12940690"]
[BlackFideId "24604747"]
[EventDate "2022.03.05"]

1. Nf3 d5 2. g3 c5 3. Bg2 Nf6 4. O-O Nc6 5. d4 cxd4 6. Nxd4 e5 7. Nxc6 bxc6 8.
c4 Be6 9. Qa4 Qd7 10. Nc3 Rc8 11. cxd5 cxd5 12. Qxd7+ Kxd7 13. Rd1 Bc5 14. Nxd5
Nxd5 15. Bxd5 Bxd5 16. Rxd5+ Ke6 17. Rd2 Rhd8 18. Kf1 Bb6 19. Rxd8 Rxd8 20. Be3
Bxe3 21. fxe3 a5 22. Rc1 Rd2 23. Rc6+ Kf5 24. Rb6 Rd1+ 25. Kf2 Rb1 26. Rb7 f6
27. Rxg7 Rxb2 28. g4+ Ke6 29. Rxh7 Rxa2 30. h4 Ra1 31. h5 Ra4 32. Kg3 Ra3 33.
Kf3 Ra1 34. Ra7 Rf1+ 35. Kg2 Re1 36. Kf2 Ra1 37. Ra8 Kf7 38. Ra6 Ra4 39. Kf3 Ra1
40. Ra7+ Ke6 41. Kf2 Ra4 42. Rg7 Ra1 43. e4 Rh1 44. Ra7 Rh2+ 45. Kf3 Rh3+ 46.
Kf2 Rh2+ 47. Kf3 Rh3+ 48. Kg2 Re3 49. Rxa5 Rxe2+ 50. Kf3 Rh2 51. Ra6+ Kf7 52.
Ra7+ Kf8 53. Kg3 Rh1 54. Kg2 Rh4 55. Ra8+ Kf7 56. Kg3 Rh1 57. Ra2 Kg7 58. Rh2
Rg1+ 59. Kf3 Rf1+ 60. Ke3 Re1+ 61. Kd3 Rd1+ 62. Ke2 Ra1 63. h6+ 1/2-1/2

[Event "Bundesliga 2021-22"]
[Site "Baden Baden GER"]
[Date "2022.05.29"]
[Round "10.4"]
[Board "2"]
[White "Santos Latasa, Jaime"]
[Black "Bluebaum, Matthias"]
[Result "1/2-1/2"]
[WhiteTitle "GM"]
[BlackTitle "GM"]
[WhiteElo "2648"]
[BlackElo "2642"]
[WhiteTeam "FC Bayern Muenchen"]
[BlackTeam "Schachfreunde Deizisau"]
[WhiteFideId "2293307"]
[BlackFideId "24651516"]
[EventDate "2022.03.05"]

1. e4 e5 2. Nf3 Nf6 3. Nxe5 d6 4. Nf3 Nxe4 5. d4 d5 6. Bd3 Bd6 7. O-O O-O 8. c4
c6 9. Nc3 Nxc3 10. bxc3 dxc4 11. Bxc4 Bf5 12. Bg5 Qa5 13. Nh4 Be6 14. Bxe6 Qxg5
15. Nf3 Qa5 16. Bb3 Nd7 17. Nd2 Qc7 18. g3 Nf6 19. Qf3 b5 20. Rfe1 c5 21. dxc5
Bxc5 22. Ne4 Nxe4 23. Rxe4 Rae8 24. Rd1 Rxe4 25. Qxe4 g6 26. Qd3 Bb6 27. Qxb5
Qxc3 28. Kg2 Qf6 29. Qe2 Rd8 1/2-1/2

[Event "Bundesliga 2021-22"]
[Site "Baden Baden GER"]
[Date "2022.05.29"]
[Round "10.4"]
[Board "3"]
[White "Kamsky, Gata"]
[Black "Alonso Rosell, Alvar"]
[Result "1/2-1/2"]
[WhiteTitle "GM"]
[BlackTitle "GM"]
[WhiteElo "2658"]
[BlackElo "2565"]
[WhiteTeam "Schachfreunde Deizisau"]
[BlackTeam "FC Bayern Muenchen"]
[WhiteFideId "2000024"]
[BlackFideId "2270544"]
[EventDate "2022.03.05"]

1. d4 Nf6 2. Nf3 d5 3. Bf4 e6 4. e3 c5 5. c3 Bd6 6. Bb5+ Nc6 7. Bxd6 Qxd6 8.
Nbd2 O-O 9. O-O Bd7 10. a4 a6 11. Bxc6 Bxc6 12. Ne5 a5 13. Qb3 Rfd8 14. Qa3 b6
15. Nxc6 Qxc6 16. Rfd1 Nd7 17. Nf3 h6 18. h3 Rdb8 19. b3 Rc8 20. Rac1 Qb7 21.
Qb2 1/2-1/2

[Event "Bundesliga 2021-22"]
[Site "Baden Baden GER"]
[Date "2022.05.29"]
[Round "10.4"]
[Board "4"]
[White "Dragnev, Valentin"]
[Black "Kollars, Dmitrij"]
[Result "0-1"]
[WhiteTitle "GM"]
[BlackTitle "GM"]
[WhiteElo "2546"]
[BlackElo "2635"]
[WhiteTeam "FC Bayern Muenchen"]
[BlackTeam "Schachfreunde Deizisau"]
[WhiteFideId "1634852"]
[BlackFideId "12909572"]
[EventDate "2022.03.05"]

1. e4 e5 2. Nf3 Nc6 3. Bb5 a6 4. Ba4 Nf6 5. O-O b5 6. Bb3 Bc5 7. a4 Rb8 8. c3 d6
9. d4 Bb6 10. axb5 axb5 11. Qd3 exd4 12. cxd4 O-O 13. h3 Bb7 14. Re1 h6 15. Bd2
Qd7 16. Na3 Ne7 17. d5 c6 18. dxc6 Bxc6 19. Nd4 Ba8 20. Ndxb5 Bc5 21. Bc2 Bc6
22. Nd4 Ba8 23. Bc3 Ng6 24. Qg3 Nh5 25. Qf3 Nhf4 26. Nc4 d5 27. Ne5 Nxh3+ 28.
gxh3 Nxe5 29. Qg3 f6 30. Nf5 dxe4 31. Bxe5 fxe5 32. Nxh6+ Kh8 33. Ng4 Rxb2 34.
Nxe5 Qd5 35. Ng6+ Kg8 36. Bxe4 Bxf2+ 37. Qxf2 Qg5+ 0-1

[Event "Bundesliga 2021-22"]
[Site "Baden Baden GER"]
[Date "2022.05.29"]
[Round "10.4"]
[Board "5"]
[White "Kozul, Zdenko"]
[Black "Bischoff, Klaus"]
[Result "0-1"]
[WhiteTitle "GM"]
[BlackTitle "GM"]
[WhiteElo "2619"]
[BlackElo "2493"]
[WhiteTeam "Schachfreunde Deizisau"]
[BlackTeam "FC Bayern Muenchen"]
[WhiteFideId "14502879"]
[BlackFideId "4600045"]
[EventDate "2022.03.05"]

1. d4 Nf6 2. c4 e6 3. g3 Bb4+ 4. Bd2 Be7 5. Bg2 d5 6. Nf3 Nbd7 7. Qc2 c6 8. O-O
O-O 9. Rd1 b5 10. c5 a5 11. Nc3 Ba6 12. Be1 b4 13. Na4 Ne4 14. e3 Qb8 15. b3 g5
16. a3 g4 17. Nh4 f5 18. axb4 axb4 19. Nb2 Bf6 20. f3 gxf3 21. Nxf3 Bg7 22. Ra4
Bh6 23. Rda1 Qb7 24. Nd1 Bb5 25. R4a2 Rxa2 26. Qxa2 Ndf6 27. Bf1 Bxf1 28. Kxf1
Qg7 29. Qe2 Ng4 30. Ra6 Nc3 31. Nxc3 bxc3 32. Bxc3 Nxe3+ 33. Ke1 f4 34. gxf4
Bxf4 35. Rxc6 Qg6 36. Bd2 Qe4 37. Ra6 Bg5 38. Bxe3 Bxe3 39. Nd2 0-1

[Event "Bundesliga 2021-22"]
[Site "Baden Baden GER"]
[Date "2022.05.29"]
[Round "10.4"]
[Board "6"]
[White "Johansson, Linus"]
[Black "Heimann, Andreas"]
[Result "1-0"]
[WhiteTitle "IM"]
[BlackTitle "GM"]
[WhiteElo "2473"]
[BlackElo "2581"]
[WhiteTeam "FC Bayern Muenchen"]
[BlackTeam "Schachfreunde Deizisau"]
[WhiteFideId "1711113"]
[BlackFideId "24624632"]
[EventDate "2022.03.05"]

1. d4 Nf6 2. c4 e6 3. Nc3 Bb4 4. e3 O-O 5. Bd3 c5 6. a3 Bxc3+ 7. bxc3 Nc6 8. Ne2
b6 9. e4 Ne8 10. O-O Ba6 11. f4 f5 12. Ng3 g6 13. d5 Na5 14. e5 Bxc4 15. Bxc4
Nxc4 16. d6 b5 17. Rf2 Qa5 18. Qb3 Qa4 19. Qxa4 bxa4 20. Rb1 Ng7 21. Rb7 Rfd8
22. Nf1 Na5 23. Rb5 Nb3 24. Be3 Rdb8 25. Rxb8+ Rxb8 26. Nd2 Nxd2 27. Rxd2 Rb3
28. Bxc5 Rxc3 29. Bb4 Rc4 30. Rb2 Rxf4 31. Ba5 Re4 32. Rb8+ Kf7 33. Rd8 Rxe5 34.
Rxd7+ Ke8 35. Re7+ Kf8 36. Rxa7 1-0

[Event "Bundesliga 2021-22"]
[Site "Baden Baden GER"]
[Date "2022.05.29"]
[Round "10.4"]
[Board "7"]
[White "Dautov, Rustem"]
[Black "Lokander, Martin"]
[Result "1/2-1/2"]
[WhiteTitle "GM"]
[BlackTitle "IM"]
[WhiteElo "2596"]
[BlackElo "2475"]
[WhiteTeam "Schachfreunde Deizisau"]
[BlackTeam "FC Bayern Muenchen"]
[WhiteFideId "4623606"]
[BlackFideId "1709569"]
[EventDate "2022.03.05"]

1. d4 d5 2. c4 e6 3. Nf3 Nf6 4. Nc3 c6 5. e3 Nbd7 6. Be2 dxc4 7. a4 Bd6 8. Nd2
O-O 9. Nxc4 Bc7 10. b3 e5 11. Ba3 Re8 12. Nd6 Bxd6 13. Bxd6 e4 14. b4 Nb6 15.
Bg3 Nfd5 16. Qd2 Nxc3 17. Qxc3 Nd5 18. Qd2 a5 19. bxa5 Qxa5 20. Qxa5 Rxa5 21.
Kd2 Bd7 22. Rhb1 b6 23. Bc4 Rea8 24. Bxd5 cxd5 25. Rxb6 h6 26. Rb7 Bc6 27. Rc7
Rxa4 28. Rxa4 Bxa4 29. Kc3 Rb8 30. Ra7 Rb3+ 31. Kc2 Rb4+ 32. Kd2 Rc4 33. Rc7 1/2-1/2

[Event "Bundesliga 2021-22"]
[Site "Baden Baden GER"]
[Date "2022.05.29"]
[Round "10.4"]
[Board "8"]
[White "Zajogin, Alexander"]
[Black "Krasenkow, Michal"]
[Result "1-0"]
[BlackTitle "GM"]
[WhiteElo "2399"]
[BlackElo "2576"]
[WhiteTeam "FC Bayern Muenchen"]
[BlackTeam "Schachfreunde Deizisau"]
[WhiteFideId "13500430"]
[BlackFideId "1113100"]
[EventDate "2022.03.05"]

1. d4 d5 2. c4 e6 3. Nc3 c6 4. e3 Bd6 5. Nf3 f5 6. Bd3 Nf6 7. O-O O-O 8. b3 Ne4
9. Ne2 Nd7 10. Bb2 Qf6 11. Nf4 g5 12. Nh5 Qh6 13. Ne5 Nxe5 14. dxe5 Bc7 15. h3
Rd8 16. Bxe4 dxe4 17. Nf6+ Kf7 18. Qc2 Bd7 19. f3 g4 20. fxg4 Qxe3+ 21. Kh1 Kg6
22. gxf5+ exf5 23. Qd1 Qg5 24. Nxd7 f4 25. Qd4 1-0

[Event "Bundesliga 2021-22"]
[Site "Bremen GER"]
[Date "2022.05.29"]
[Round "10.5"]
[Board "1"]
[White "Shevchenko, Kirill"]
[Black "Kryvoruchko, Yuriy"]
[Result "1/2-1/2"]
[WhiteTitle "GM"]
[BlackTitle "GM"]
[WhiteElo "2652"]
[BlackElo "2683"]
[WhiteTeam "SV Werder Bremen"]
[BlackTeam "SC Viernheim"]
[WhiteFideId "14129574"]
[BlackFideId "14109182"]
[EventDate "2022.03.05"]

1. e4 e5 2. Nf3 Nc6 3. Bb5 Nf6 4. d3 Bc5 5. Bxc6 dxc6 6. O-O Nd7 7. Nbd2 O-O 8.
Nc4 Re8 9. a4 f6 10. Be3 Bf8 11. a5 Nc5 12. b4 Ne6 13. c3 c5 14. bxc5 Nxc5 15.
Bxc5 Bxc5 16. d4 exd4 17. cxd4 Bf8 18. Re1 c6 19. Rb1 Be6 20. Ne3 Rb8 21. Qa4 1/2-1/2

[Event "Bundesliga 2021-22"]
[Site "Bremen GER"]
[Date "2022.05.29"]
[Round "10.5"]
[Board "2"]
[White "Korobov, Anton"]
[Black "Areshchenko, Alexander"]
[Result "1/2-1/2"]
[WhiteTitle "GM"]
[BlackTitle "GM"]
[WhiteElo "2695"]
[BlackElo "2670"]
[WhiteTeam "SC Viernheim"]
[BlackTeam "SV Werder Bremen"]
[WhiteFideId "14105730"]
[BlackFideId "14109530"]
[EventDate "2022.03.05"]

1. Nf3 c5 2. c3 Nf6 3. d4 e6 4. Bf4 d5 5. e3 Bd6 6. dxc5 Bxc5 7. Nbd2 O-O 8. Bd3
Bd6 9. O-O b6 10. Bxd6 Qxd6 11. e4 Nbd7 12. Re1 dxe4 13. Nxe4 Qc7 14. Nxf6+ Nxf6
15. Qe2 Bb7 16. Qe5 Rac8 17. Qxc7 Rxc7 18. Nd4 Rd8 19. a4 a6 20. Bf1 Rd6 21. a5
bxa5 22. Rxa5 Rb6 23. Re2 Ne4 24. f3 Nc5 25. Rd2 g6 26. Kf2 Kg7 27. b4 Nd7 28.
Nb3 Bc8 29. Rd3 Rbc6 30. Nd4 1/2-1/2

[Event "Bundesliga 2021-22"]
[Site "Bremen GER"]
[Date "2022.05.29"]
[Round "10.5"]
[Board "3"]
[White "Efimenko, Zahar"]
[Black "Anton Guijarro, David"]
[Result "1-0"]
[WhiteTitle "GM"]
[BlackTitle "GM"]
[WhiteElo "2597"]
[BlackElo "2694"]
[WhiteTeam "SV Werder Bremen"]
[BlackTeam "SC Viernheim"]
[WhiteFideId "14107201"]
[BlackFideId "2285525"]
[EventDate "2022.03.05"]

1. e4 e5 2. Nf3 Nc6 3. Bb5 a6 4. Ba4 Nf6 5. d3 Bc5 6. Nc3 d6 7. Bxc6+ bxc6 8. h3
O-O 9. O-O Re8 10. Be3 Bxe3 11. fxe3 d5 12. Qe1 Rb8 13. b3 Qe7 14. exd5 Nxd5 15.
Rf2 e4 16. dxe4 Nxc3 17. Qxc3 Qxe4 18. Rd1 Rb5 19. Rd4 Qe7 20. Rc4 Bd7 21. e4 h6
22. a4 Rbb8 23. e5 Rbd8 24. Rd2 h5 25. Qb4 Qxb4 26. Rxb4 Be6 27. Rxd8 Rxd8 28.
Rb7 Rd1+ 29. Kf2 Rc1 30. c4 Rc2+ 31. Kg3 Rb2 32. Ng5 Kf8 33. Nxe6+ fxe6 34. h4
a5 35. Kf3 Ke8 36. Rxc7 Rxb3+ 37. Kf4 Rb4 38. Kg5 Rxa4 39. Kxh5 Rxc4 40. Rxg7 c5
41. Ra7 Re4 42. g4 Rxe5+ 43. g5 1-0

[Event "Bundesliga 2021-22"]
[Site "Bremen GER"]
[Date "2022.05.29"]
[Round "10.5"]
[Board "4"]
[White "Amin, Bassem"]
[Black "Edouard, Romain"]
[Result "1/2-1/2"]
[WhiteTitle "GM"]
[BlackTitle "GM"]
[WhiteElo "2683"]
[BlackElo "2591"]
[WhiteTeam "SC Viernheim"]
[BlackTeam "SV Werder Bremen"]
[WhiteFideId "10601457"]
[BlackFideId "633429"]
[EventDate "2022.03.05"]

1. e4 c5 2. Nf3 d6 3. Bb5+ Nd7 4. c3 Nf6 5. Bd3 a6 6. Bc2 c4 7. b3 b5 8. bxc4
bxc4 9. Na3 Qc7 10. Qe2 Nb6 11. e5 dxe5 12. Nxe5 Be6 13. Rb1 Nfd7 14. Nxd7 Nxd7
15. O-O g6 16. Be4 Rc8 17. Rb7 Qd8 18. Rb4 a5 19. Rb5 Bg7 20. Bd5 Bxd5 21. Rxd5
e6 22. Rd6 O-O 23. Nxc4 Qc7 24. Rxd7 Qxd7 25. Nb6 Qc6 26. Nxc8 Rxc8 27. Qd1 Qc4
28. Qc2 Qe2 29. Qa4 Bh6 30. g3 Rb8 31. Qxa5 Bxd2 32. Ba3 Qf3 33. Bb4 h5 34. Qc7
Ra8 35. Qc4 e5 36. a3 Re8 37. Qb5 Re6 38. Qd7 Bg5 39. Qd1 Qc6 40. h4 Bh6 41. Qe2
e4 42. Rd1 Kh7 43. c4 e3 44. f3 f5 45. Rd4 Bg7 46. Rd5 f4 47. Kg2 fxg3 48. Be1
Be5 49. Qd3 e2 50. Qe4 Bc3 51. Qf4 Bxe1 52. Qf7+ Kh6 53. Qf8+ Kh7 54. Qf7+ 1/2-1/2

[Event "Bundesliga 2021-22"]
[Site "Bremen GER"]
[Date "2022.05.29"]
[Round "10.5"]
[Board "5"]
[White "Hracek, Zbynek"]
[Black "Fedorchuk, Sergey A."]
[Result "1/2-1/2"]
[WhiteTitle "GM"]
[BlackTitle "GM"]
[WhiteElo "2567"]
[BlackElo "2604"]
[WhiteTeam "SV Werder Bremen"]
[BlackTeam "SC Viernheim"]
[WhiteFideId "300071"]
[BlackFideId "14102536"]
[EventDate "2022.03.05"]

1. c4 e5 2. g3 Bc5 3. Nc3 d6 4. Bg2 a6 5. e3 Ba7 6. Nge2 Nf6 7. O-O O-O 8. b3
Nc6 9. h3 h6 10. Bb2 Re8 11. Qc2 Bd7 12. Rad1 Qc8 13. Kh2 Bf5 14. d3 Bh7 15. Qd2
Rb8 16. Rde1 Ne7 17. e4 b5 18. f4 Nd7 19. Nd5 bxc4 20. dxc4 Nxd5 21. exd5 Nc5
22. fxe5 dxe5 23. Nc1 f6 24. Bc3 Qd7 25. Qe3 Ra8 26. Qd2 1/2-1/2

[Event "Bundesliga 2021-22"]
[Site "Bremen GER"]
[Date "2022.05.29"]
[Round "10.5"]
[Board "6"]
[White "Wagner, Dennis"]
[Black "Grigorian, Spartak"]
[Result "1-0"]
[WhiteTitle "GM"]
[BlackTitle "IM"]
[WhiteElo "2584"]
[BlackElo "2472"]
[WhiteTeam "SC Viernheim"]
[BlackTeam "SV Werder Bremen"]
[WhiteFideId "24650684"]
[BlackFideId "24661490"]
[EventDate "2022.03.05"]

1. d4 Nf6 2. c4 g6 3. Nc3 d5 4. cxd5 Nxd5 5. e4 Nxc3 6. bxc3 Bg7 7. Bc4 O-O 8.
Ne2 c5 9. O-O e6 10. Be3 Qe7 11. Qd2 Nd7 12. e5 cxd4 13. cxd4 Nb6 14. Bb3 Bd7
15. Ng3 Bc6 16. Rfe1 Rfc8 17. Bg5 Qf8 18. h4 h6 19. Bf6 Bxf6 20. exf6 Nd7 21.
Qf4 Re8 22. Re3 a5 23. Nh5 a4 24. Bc2 Ra5 25. Ng7 Nxf6 26. Nxe8 Nxe8 27. Be4
Bxe4 28. Rxe4 Rb5 29. Re5 Rb4 30. Rc1 Nd6 31. Rec5 Kh7 32. a3 Rb6 33. Rc7 h5 34.
g3 Nf5 35. Rd7 Nh6 36. Rcc7 Kg7 37. Qe5+ Kh7 38. Qf6 Rb1+ 39. Kg2 1-0

[Event "Bundesliga 2021-22"]
[Site "Bremen GER"]
[Date "2022.05.29"]
[Round "10.5"]
[Board "7"]
[White "Reuker, Jari"]
[Black "Maze, Sebastien"]
[Result "1/2-1/2"]
[BlackTitle "GM"]
[WhiteElo "2425"]
[BlackElo "2527"]
[WhiteTeam "SV Werder Bremen"]
[BlackTeam "SC Viernheim"]
[WhiteFideId "12909300"]
[BlackFideId "613762"]
[EventDate "2022.03.05"]

1. e4 c6 2. Nf3 d5 3. d3 dxe4 4. dxe4 Qxd1+ 5. Kxd1 Nf6 6. Nbd2 g6 7. Ne5 Nbd7
8. Nd3 h5 9. a4 Bh6 10. f3 a5 11. h4 b6 12. b3 Ba6 13. Bb2 O-O-O 14. Bc3 Kb7 15.
Ke1 c5 16. Nb2 Bxd2+ 17. Bxd2 Bxf1 18. Rxf1 Ne8 19. Rd1 Rg8 20. Nc4 Nd6 21.
Nxd6+ exd6 22. Bf4 Ne5 23. Rd5 f6 24. Ke2 Kc6 25. Rfd1 Nf7 26. Bc1 Rde8 27. Kf2
Re6 28. Bf4 Rge8 29. c4 Kd7 30. Rg1 Rh8 31. Rgd1 Ke7 32. Bc1 Ne5 33. Bf4 Nf7 34.
Bc1 1/2-1/2